[Event "17. Obert Int. Sant Marti 2015 - B"]
[Site "Barcelona ESP"]
[Date "2015.07.15"]
[Round "3.36"]
[White "Ayza Casamitjana, Antoni"]
[Black "Beltran Vidal, Daniel"]
[Result "1-0"]
[WhiteElo "1945"]
[BlackElo "1852"]
[PlyCount "79"]
[EventDate "2015.07.13"]
[EventType "swiss"]
[EventRounds "9"]
[EventCountry "ESP"]
[SourceTitle "Ajedrez en Madrid"]
[Source "lmi"]
[SourceDate "2015.07.13"]
[SourceVersion "1"]
[SourceVersionDate "2019.06.21"]
[SourceQuality "1"]

1. e4 e5 2. Nf3 Nc6 3. d4 exd4 4. Nxd4 d6 5. Nxc6 bxc6 6. Nc3 Be7 7. Bc4 Nf6 8.
O-O O-O 9. h3 Bb7 10. Qe2 Rb8 11. Be3 a5 12. Rad1 Nd7 13. f4 d5 14. exd5 Re8
15. Qf3 c5 16. b3 Bf8 17. Qf2 Qf6 18. Na4 Nb6 19. Nxc5 Bxc5 20. Bxc5 Nxc4 21.
bxc4 Ba6 22. Bd4 Qd6 23. Bc3 Re4 24. Rd4 Rbe8 25. Re1 Rxe1+ 26. Bxe1 Qc5 27.
Kh2 Kf8 28. Bc3 Bxc4 29. Qd2 Re2 30. Qd1 Ba6 31. Rd2 Qf2 32. Rxe2 Bxe2 33. Qd2
a4 34. Bd4 Qf1 35. Qb4+ Ke8 36. Be5 Bc4 37. Qb8+ Kd7 38. Qxc7+ Ke8 39. Qc8+ Ke7
40. d6# 1-0

[Event "17. Obert Int. Sant Marti 2015 - B"]
[Site "Barcelona ESP"]
[Date "2015.07.15"]
[Round "3.37"]
[White "Ani, Virgil"]
[Black "Gonzalez Moreno, Antoni"]
[Result "0-1"]
[WhiteElo "1826"]
[BlackElo "1945"]
[PlyCount "66"]
[EventDate "2015.07.13"]
[EventType "swiss"]
[EventRounds "9"]
[EventCountry "ESP"]
[SourceTitle "Ajedrez en Madrid"]
[Source "lmi"]
[SourceDate "2015.07.13"]
[SourceVersion "1"]
[SourceVersionDate "2019.06.21"]
[SourceQuality "1"]

1. Nf3 d5 2. c4 e6 3. d4 Nf6 4. Bg5 Be7 5. e3 Nbd7 6. Nc3 a6 7. Bd3 dxc4 8.
Bxc4 b5 9. Bd3 Bb7 10. O-O c5 11. Rc1 Rc8 12. Re1 O-O 13. Bb1 cxd4 14. Nxd4 Ne5
15. f4 Ng6 16. Bxg6 hxg6 17. Nf3 Qb6 18. Qe2 Rfd8 19. h3 Kf8 20. Bh4 Bb4 21.
Bf2 Ne4 22. Nxe4 Bxe1 23. Qxe1 Rxc1 24. Qxc1 Bxe4 25. Ne5 Qb7 26. Bh4 Rc8 27.
Qd2 Qd5 28. Qb4+ Kg8 29. Qe7 Qb7 30. Qd6 Bxg2 31. Nxg6 Rc1+ 32. Kh2 Rh1+ 33.
Kg3 Qf3# 0-1

[Event "17. Obert Int. Sant Marti 2015 - B"]
[Site "Barcelona ESP"]
[Date "2015.07.15"]
[Round "3.38"]
[White "Valbuena Castro, Gregorio"]
[Black "Bernat Pascual, Magí"]
[Result "0-1"]
[WhiteElo "1944"]
[BlackElo "1850"]
[PlyCount "94"]
[EventDate "2015.07.13"]
[EventType "swiss"]
[EventRounds "9"]
[EventCountry "ESP"]
[SourceTitle "Ajedrez en Madrid"]
[Source "lmi"]
[SourceDate "2015.07.13"]
[SourceVersion "1"]
[SourceVersionDate "2019.06.21"]
[SourceQuality "1"]

1. e4 c6 2. d4 d5 3. e5 Bf5 4. Bd3 Bxd3 5. Qxd3 e6 6. Nf3 Nd7 7. O-O Ne7 8. b3
c5 9. Ba3 Nc6 10. Re1 Be7 11. c4 dxc4 12. bxc4 cxd4 13. Bxe7 Qxe7 14. Nbd2 O-O
15. Rab1 Nb6 16. Nxd4 Qd7 17. N2f3 Rfd8 18. Rbd1 Rac8 19. Re4 Na5 20. Rh4 h6
21. Ng5 hxg5 22. Qh7+ Kf8 23. Qh8+ Ke7 24. Nf5+ exf5 25. Rxd7+ Rxd7 26. Qh5
gxh4 27. h3 Naxc4 28. Qxf5 Rd5 29. Qg5+ Kf8 30. Qxh4 Kg8 31. e6 Ne5 32. Qe7
fxe6 33. Qxe6+ Nf7 34. a4 Ra5 35. Qe7 Rxa4 36. Qxb7 Ra2 37. Qe7 Ra4 38. Kh2 Ra8
39. Qb7 Rb4 40. Qa6 Ra4 41. Qb7 Rd4 42. Qc7 Rd6 43. Qc1 a5 44. Qa3 a4 45. Kg3
Rad8 46. Kh2 Rd3 47. Qb4 Rb3 0-1

[Event "17. Obert Int. Sant Marti 2015 - B"]
[Site "Barcelona ESP"]
[Date "2015.07.15"]
[Round "3.39"]
[White "Cespedes Llaverias, Llibert"]
[Black "Cort Hidalgo, Jordi"]
[Result "1-0"]
[WhiteElo "1940"]
[BlackElo "1850"]
[PlyCount "71"]
[EventDate "2015.07.13"]
[EventType "swiss"]
[EventRounds "9"]
[EventCountry "ESP"]
[SourceTitle "Ajedrez en Madrid"]
[Source "lmi"]
[SourceDate "2015.07.13"]
[SourceVersion "1"]
[SourceVersionDate "2019.06.21"]
[SourceQuality "1"]

1. e4 c5 2. Nf3 g6 3. d3 Bg7 4. g3 Nc6 5. Bg2 e6 6. Nbd2 Nge7 7. O-O O-O 8. Re1
d6 9. c3 Rb8 10. Nf1 b5 11. h4 Qc7 12. h5 e5 13. h6 Bh8 14. Ne3 b4 15. Nh2 Qa5
16. Bd2 Ba6 17. Bf1 Qb6 18. g4 Qd8 19. g5 bxc3 20. bxc3 f5 21. gxf6 Bxf6 22.
Neg4 Bh4 23. Nf3 Nc8 24. Be3 Nb6 25. Be2 Nc8 26. Qd2 Rb7 27. Nxh4 Qxh4 28. Bg5
Rb2 29. Qxb2 Qxg5 30. Qc2 Rf4 31. f3 c4 32. Qa4 Bb7 33. Qxc4+ Kf8 34. Rab1
Rxg4+ 35. fxg4 Qe3+ 36. Kg2 1-0

[Event "17. Obert Int. Sant Marti 2015 - B"]
[Site "Barcelona ESP"]
[Date "2015.07.15"]
[Round "3.40"]
[White "Serentill Tost, Eduard"]
[Black "Salvador Muñoz, Josep M|_"]
[Result "0-1"]
[WhiteElo "1808"]
[BlackElo "1936"]
[PlyCount "110"]
[EventDate "2015.07.13"]
[EventType "swiss"]
[EventRounds "9"]
[EventCountry "ESP"]
[SourceTitle "Ajedrez en Madrid"]
[Source "lmi"]
[SourceDate "2015.07.13"]
[SourceVersion "1"]
[SourceVersionDate "2019.06.21"]
[SourceQuality "1"]

1. e4 c6 2. d4 d5 3. Nc3 dxe4 4. Nxe4 Bf5 5. Ng3 Bg6 6. h4 h6 7. Nf3 Nf6 8. h5
Bh7 9. Bd3 Bxd3 10. Qxd3 Qc7 11. Bd2 e6 12. O-O-O Nbd7 13. Ne4 O-O-O 14. Nxf6
Nxf6 15. Qe2 Bd6 16. c4 Bf4 17. g3 Bxd2+ 18. Qxd2 Rhf8 19. Qb4 Rfe8 20. Rde1
Rd7 21. Kb1 Red8 22. Rc1 Qb6 23. Qxb6 axb6 24. b4 Kb8 25. Rh4 Ka7 26. Rd1 Rc8
27. Ne5 Rdc7 28. f3 Rf8 29. Ng4 Ne8 30. Ne5 Nd6 31. c5 Nf5 32. Rh3 Rd8 33. Nc4
b5 34. Nd6 Nxd6 35. cxd6 Rcd7 36. Kc2 Rxd6 37. Kc3 Kb6 38. Rh4 R8d7 39. Rg4 f6
40. Re4 e5 41. f4 exd4+ 42. Rexd4 Rxd4 43. Rxd4 Rxd4 44. Kxd4 Kc7 45. Ke4 Kd6
46. Kf5 Ke7 47. Kg6 Kf8 48. Kf5 Kf7 49. g4 b6 50. Ke4 Ke6 51. Kd4 Kd6 52. a3
c5+ 53. bxc5+ bxc5+ 54. Ke4 Ke6 55. f5+ Kd6 0-1

[Event "17. Obert Int. Sant Marti 2015 - B"]
[Site "Barcelona ESP"]
[Date "2015.07.15"]
[Round "3.41"]
[White "Poyato Duran, David"]
[Black "Cervera Lopez, Miguel"]
[Result "0-1"]
[WhiteElo "1931"]
[BlackElo "1831"]
[PlyCount "52"]
[EventDate "2015.07.13"]
[EventType "swiss"]
[EventRounds "9"]
[EventCountry "ESP"]
[SourceTitle "Ajedrez en Madrid"]
[Source "lmi"]
[SourceDate "2015.07.13"]
[SourceVersion "1"]
[SourceVersionDate "2019.06.21"]
[SourceQuality "1"]

1. d4 Nf6 2. c4 g6 3. Nc3 Bg7 4. e4 d6 5. Nf3 Bg4 6. Be2 O-O 7. Bg5 a5 8. O-O
Nh5 9. Rc1 f6 10. Be3 e5 11. d5 Nf4 12. Bxf4 exf4 13. Nd4 Bd7 14. Bg4 f5 15.
exf5 Bxd4 16. Qxd4 Bxf5 17. Bxf5 Rxf5 18. Rfe1 Nd7 19. Re2 f3 20. Re3 fxg2 21.
Rce1 Ne5 22. f4 Qh4 23. Kxg2 Rxf4 24. Re4 Raf8 25. Rg1 Rf2+ 26. Qxf2 Rxf2+ 0-1

[Event "17. Obert Int. Sant Marti 2015 - B"]
[Site "Barcelona ESP"]
[Date "2015.07.15"]
[Round "3.42"]
[White "Valero Recalde, Pablo"]
[Black "Escofet Llongueras, Joan"]
[Result "0-1"]
[WhiteElo "1800"]
[BlackElo "1921"]
[PlyCount "88"]
[EventDate "2015.07.13"]
[EventType "swiss"]
[EventRounds "9"]
[EventCountry "ESP"]
[SourceTitle "Ajedrez en Madrid"]
[Source "lmi"]
[SourceDate "2015.07.13"]
[SourceVersion "1"]
[SourceVersionDate "2019.06.21"]
[SourceQuality "1"]

1. d4 Nf6 2. c4 c5 3. d5 b5 4. Qc2 bxc4 5. e4 d6 6. Bxc4 g6 7. Nc3 Bg7 8. Nge2
Nbd7 9. O-O O-O 10. Rb1 Nb6 11. b3 Nfd7 12. f4 Nxc4 13. bxc4 Nb6 14. Nb5 a6 15.
Na3 Bd7 16. Bb2 Na4 17. Bxg7 Kxg7 18. Qd2 Qc7 19. f5 Rab8 20. Qg5 f6 21. Qg4
Rxb1 22. Nxb1 Qb6 23. Nf4 Qb2 24. h3 Nb6 25. Nxg6 hxg6 26. Qxg6+ Kh8 27. Rf4
Qc1+ 28. Rf1 Qg5 29. Qxg5 fxg5 30. Nd2 Kg7 31. Rb1 Rb8 32. Rb3 a5 33. Rg3 Kf6
34. Kf2 Na4 35. Nb3 Ra8 36. Kf3 Nb2 37. Nd2 Nd3 38. Ke3 Ne5 39. Ke2 Rb8 40. a3
Rb2 41. Rc3 Ba4 42. Ke1 Rc2 43. Rxc2 Bxc2 44. Kf2 Bd3 0-1

[Event "17. Obert Int. Sant Marti 2015 - B"]
[Site "Barcelona ESP"]
[Date "2015.07.15"]
[Round "3.43"]
[White "Fuentes Barrientos, Carlos"]
[Black "Febrero Perez, Lluis"]
[Result "0-1"]
[WhiteElo "1916"]
[BlackElo "1787"]
[PlyCount "48"]
[EventDate "2015.07.13"]
[EventType "swiss"]
[EventRounds "9"]
[EventCountry "ESP"]
[SourceTitle "Ajedrez en Madrid"]
[Source "lmi"]
[SourceDate "2015.07.13"]
[SourceVersion "1"]
[SourceVersionDate "2019.06.21"]
[SourceQuality "1"]

1. d4 Nf6 2. Bg5 h6 3. Bxf6 exf6 4. e3 d6 5. c4 Bf5 6. Nc3 Nd7 7. Qa4 c6 8. b4
Qc7 9. Nf3 a5 10. b5 Nb6 11. Qb3 Be6 12. Rb1 a4 13. Qb4 c5 14. Qb2 Nxc4 15. b6
Qc6 16. Bxc4 Bxc4 17. d5 Bxd5 18. O-O Bxf3 19. gxf3 Qxf3 20. Qb5+ Kd8 21. Ne2
Qg4+ 22. Ng3 Qe6 23. Rfd1 Qd7 24. Qxc5 dxc5 0-1

[Event "17. Obert Int. Sant Marti 2015 - B"]
[Site "Barcelona ESP"]
[Date "2015.07.15"]
[Round "3.44"]
[White "Martinez Navarro, Miquel"]
[Black "Arce, Sebastian"]
[Result "1-0"]
[WhiteElo "1781"]
[BlackElo "1914"]
[PlyCount "65"]
[EventDate "2015.07.13"]
[EventType "swiss"]
[EventRounds "9"]
[EventCountry "ESP"]
[SourceTitle "Ajedrez en Madrid"]
[Source "lmi"]
[SourceDate "2015.07.13"]
[SourceVersion "1"]
[SourceVersionDate "2019.06.21"]
[SourceQuality "1"]

1. d4 g6 2. c4 Bg7 3. Nc3 c5 4. Nf3 Nh6 5. e4 f5 6. Be2 O-O 7. O-O Qc7 8. Nd5
Qd8 9. Bg5 Nc6 10. e5 Nf7 11. Bf4 cxd4 12. e6 Nfe5 13. Nxe5 Nxe5 14. exd7 Qxd7
15. Qb3 a5 16. Nb6 Qc7 17. Nxa8 Nf3+ 18. Bxf3 Qxf4 19. Nb6 e5 20. Bd5+ Kh8 21.
Qf3 Qh4 22. Nxc8 Rxc8 23. Rab1 e4 24. Qg3 Qe7 25. b3 Be5 26. f4 exf3 27. Qxf3
Qh4 28. g3 Qg5 29. Rbe1 Bb8 30. Qd3 Ba7 31. Kg2 b5 32. Qe2 a4 33. Qe5+ 1-0

[Event "17. Obert Int. Sant Marti 2015 - B"]
[Site "Barcelona ESP"]
[Date "2015.07.15"]
[Round "3.45"]
[White "Ferre Navarro, Joan"]
[Black "Bes Alvarez, Alex"]
[Result "1-0"]
[WhiteElo "1912"]
[BlackElo "1743"]
[PlyCount "63"]
[EventDate "2015.07.13"]
[EventType "swiss"]
[EventRounds "9"]
[EventCountry "ESP"]
[SourceTitle "Ajedrez en Madrid"]
[Source "lmi"]
[SourceDate "2015.07.13"]
[SourceVersion "1"]
[SourceVersionDate "2019.06.21"]
[SourceQuality "1"]

1. d4 Nf6 2. Nf3 e6 3. e3 d5 4. Bd3 c5 5. c3 Nc6 6. O-O Bd6 7. Nbd2 O-O 8. dxc5
Bxc5 9. e4 dxe4 10. Nxe4 Nxe4 11. Bxe4 Bd7 12. Qc2 f5 13. Bd3 Kh8 14. Bf4 Qf6
15. Rfe1 Rac8 16. Rad1 a6 17. Bxa6 Nb4 18. cxb4 Bxb4 19. Qd3 Bxe1 20. Bxb7
Bxf2+ 21. Kxf2 Qxb2+ 22. Rd2 Qxb7 23. Qxd7 Qb4 24. Be5 Qc5+ 25. Bd4 Qc7 26.
Bxg7+ Kg8 27. Qxc7 Rxc7 28. Bxf8 Kxf8 29. Ng5 Re7 30. Re2 h6 31. Nxe6+ Kf7 32.
Nd4 1-0

[Event "17. Obert Int. Sant Marti 2015 - B"]
[Site "Barcelona ESP"]
[Date "2015.07.15"]
[Round "3.46"]
[White "Alquezar Calpena, Marc"]
[Black "Bienvenido Kleque, Jose"]
[Result "1-0"]
[WhiteElo "1907"]
[BlackElo "1717"]
[PlyCount "57"]
[EventDate "2015.07.13"]
[EventType "swiss"]
[EventRounds "9"]
[EventCountry "ESP"]
[SourceTitle "Ajedrez en Madrid"]
[Source "lmi"]
[SourceDate "2015.07.13"]
[SourceVersion "1"]
[SourceVersionDate "2019.06.21"]
[SourceQuality "1"]

1. e4 e5 2. Nf3 Nc6 3. Bb5 a6 4. Ba4 Nf6 5. O-O Nxe4 6. d4 b5 7. Bb3 d5 8. dxe5
Be6 9. c3 Be7 10. Nd4 Qd7 11. f4 f5 12. Be3 Nxd4 13. cxd4 O-O 14. Nc3 Nxc3 15.
bxc3 Qc6 16. Rf3 Rac8 17. Rh3 Bf7 18. Qe1 Bg6 19. Bf2 Qe6 20. Bh4 Bxh4 21. Qxh4
c6 22. a4 Rc7 23. Bd1 Rfc8 24. g4 Rf8 25. gxf5 Bxf5 26. Rg3 Rb7 27. a5 Rc7 28.
Ra2 Rd8 29. Qxd8+ 1-0

[Event "17. Obert Int. Sant Marti 2015 - B"]
[Site "Barcelona ESP"]
[Date "2015.07.15"]
[Round "3.47"]
[White "Martin Sanchez, Antoni"]
[Black "Minko, Olga"]
[Result "0-1"]
[WhiteElo "1903"]
[BlackElo "1559"]
[PlyCount "88"]
[EventDate "2015.07.13"]
[EventType "swiss"]
[EventRounds "9"]
[EventCountry "ESP"]
[SourceTitle "Ajedrez en Madrid"]
[Source "lmi"]
[SourceDate "2015.07.13"]
[SourceVersion "1"]
[SourceVersionDate "2019.06.21"]
[SourceQuality "1"]

1. d4 d5 2. Nf3 Nf6 3. Nbd2 e6 4. c3 c5 5. e3 a6 6. Bd3 b5 7. O-O Nbd7 8. Re1
Bb7 9. Qe2 Bd6 10. b3 cxd4 11. cxd4 O-O 12. Bb2 Ne4 13. Rac1 Ndf6 14. Rc2 Qa5
15. Ra1 Rac8 16. a3 Rxc2 17. Bxc2 Rc8 18. b4 Qb6 19. Nb3 Qc7 20. Nc5 Qb6 21.
Bd3 Bc6 22. Nd2 a5 23. f3 Nxd2 24. Qxd2 axb4 25. axb4 Ra8 26. Qd1 Qb8 27. h3
Nd7 28. Qb1 h6 29. Bc3 Ra7 30. Qb2 Bf8 31. e4 dxe4 32. Nxd7 Rxd7 33. Bxe4 Bxe4
34. fxe4 Ra7 35. Ra5 Rxa5 36. bxa5 b4 37. Be1 Qb5 38. Qa1 b3 39. Bc3 Bb4 40.
Bxb4 Qxb4 41. a6 b2 42. Qb1 Qxd4+ 43. Kh2 Qd6+ 44. Kh1 Qd2 0-1

[Event "17. Obert Int. Sant Marti 2015 - B"]
[Site "Barcelona ESP"]
[Date "2015.07.15"]
[Round "3.48"]
[White "Raisin, Maxime"]
[Black "Torralba Brosa, Marc"]
[Result "1-0"]
[WhiteElo "1777"]
[BlackElo "1900"]
[PlyCount "121"]
[EventDate "2015.07.13"]
[EventType "swiss"]
[EventRounds "9"]
[EventCountry "ESP"]
[SourceTitle "Ajedrez en Madrid"]
[Source "lmi"]
[SourceDate "2015.07.13"]
[SourceVersion "1"]
[SourceVersionDate "2019.06.21"]
[SourceQuality "1"]

1. e4 c5 2. Nc3 Nc6 3. f4 g6 4. Nf3 Bg7 5. Bc4 e6 6. O-O Nge7 7. d3 O-O 8. Qe1
d5 9. Bb3 Nd4 10. Qh4 Nxb3 11. axb3 Nc6 12. Qxd8 Rxd8 13. exd5 exd5 14. Na4 b6
15. Nxb6 Rb8 16. Nxc8 Rbxc8 17. Re1 Rc7 18. c3 Rb7 19. Ra6 Rc8 20. Ra3 Rcb8 21.
Ra6 Rb6 22. Rxb6 Rxb6 23. Re8+ Bf8 24. f5 Rxb3 25. fxg6 fxg6 26. Rc8 Rb6 27.
Bh6 Rb8 28. Rxf8+ Rxf8 29. Bxf8 Kxf8 30. Ng5 Kg8 31. Ne6 c4 32. dxc4 dxc4 33.
Kf2 Ne5 34. Ke2 Nd3 35. b4 Kf7 36. Ng5+ Kg7 37. Ne4 Nf4+ 38. Kf3 Nd5 39. g3 Kf7
40. Nd6+ Ke6 41. Nxc4 Nxc3 42. Kg4 h6 43. Na3 Nd5 44. Nb5 a6 45. Nd4+ Kd6 46.
b5 a5 47. h4 Kc5 48. Nb3+ Kxb5 49. Nxa5 Kxa5 50. Kf3 Kb5 51. Ke4 Kc5 52. Ke5
Ne7 53. Kf6 Kd6 54. g4 Kd5 55. Kxe7 Ke5 56. Kf7 g5 57. hxg5 hxg5 58. Kg6 Ke6
59. Kxg5 Kf7 60. Kh6 Kf8 61. Kh7 1-0

[Event "17. Obert Int. Sant Marti 2015 - B"]
[Site "Barcelona ESP"]
[Date "2015.07.15"]
[Round "3.49"]
[White "Ferrer Ache, Jesus"]
[Black "Mañosas Vila, Ester"]
[Result "0-1"]
[WhiteElo "1723"]
[BlackElo "1895"]
[PlyCount "92"]
[EventDate "2015.07.13"]
[EventType "swiss"]
[EventRounds "9"]
[EventCountry "ESP"]
[SourceTitle "Ajedrez en Madrid"]
[Source "lmi"]
[SourceDate "2015.07.13"]
[SourceVersion "1"]
[SourceVersionDate "2019.06.21"]
[SourceQuality "1"]

1. c4 e5 2. e4 Nc6 3. d3 g6 4. Nc3 Bg7 5. Nf3 d6 6. Be2 f5 7. exf5 Bxf5 8. O-O
Nf6 9. Bg5 O-O 10. Nd5 Ne7 11. Bxf6 Bxf6 12. Nxf6+ Rxf6 13. Rc1 Qd7 14. Qd2
Raf8 15. Kh1 e4 16. Nh4 exd3 17. Nxf5 dxe2 18. Nxe7+ Qxe7 19. Rg1 Rxf2 20. Qd5+
Qf7 21. Qxf7+ R8xf7 22. Rce1 R7f4 23. b3 Kf7 24. h3 Rd4 25. Kh2 Rd2 26. Kg3 Rf5
27. Kh2 Rxa2 28. g3 Rb2 29. Rg2 Re5 30. Rf2+ Ke6 31. Kg2 c6 32. g4 d5 33. g5
Rxg5+ 34. Kh2 Re5 35. cxd5+ cxd5 36. Rf3 d4 37. Kg3 Rf5 38. b4 Rxf3+ 39. Kxf3
d3 40. Ke3 Rb3 41. Kd2 Ke5 42. Rg1 Kf4 43. Rg4+ Kf3 44. Rd4 Rb2+ 45. Kc3 e1=Q+
46. Kxb2 Qf2+ 0-1

[Event "17. Obert Int. Sant Marti 2015 - B"]
[Site "Barcelona ESP"]
[Date "2015.07.15"]
[Round "3.50"]
[White "Porta Chicote, David"]
[Black "De La Fuente Gil, Roberto"]
[Result "0-1"]
[WhiteElo "1753"]
[BlackElo "1842"]
[PlyCount "66"]
[EventDate "2015.07.13"]
[EventType "swiss"]
[EventRounds "9"]
[EventCountry "ESP"]
[SourceTitle "Ajedrez en Madrid"]
[Source "lmi"]
[SourceDate "2015.07.13"]
[SourceVersion "1"]
[SourceVersionDate "2019.06.21"]
[SourceQuality "1"]

1. d4 e6 2. e4 d5 3. Nc3 dxe4 4. Nxe4 Nf6 5. Bg5 Be7 6. Bxf6 Bxf6 7. Nxf6+ Qxf6
8. Nf3 O-O 9. Bc4 Nd7 10. Qe2 Qd8 11. O-O-O Nb6 12. Bb3 Bd7 13. a3 Rc8 14. Kb1
Bc6 15. g3 Qf6 16. Rd3 Bb5 17. c4 Nxc4 18. Qd1 Na5 19. Rc3 Nxb3 20. Rxb3 Ba4
21. Ka1 Bxb3 22. Qxb3 c6 23. Re1 Rfd8 24. Qc3 c5 25. Rc1 Rd5 26. Qe3 Qd8 27.
Qc3 Qb6 28. Qe3 Rc6 29. Ne5 cxd4 30. Qf4 Rxc1+ 31. Qxc1 Qc5 32. Nc4 b5 33. Qf4
e5 0-1

[Event "17. Obert Int. Sant Marti 2015 - B"]
[Site "Barcelona ESP"]
[Date "2015.07.15"]
[Round "3.51"]
[White "Castilla Casanova, Víctor"]
[Black "Ylla Soro, Rafael"]
[Result "0-1"]
[WhiteElo "1713"]
[BlackElo "1811"]
[PlyCount "116"]
[EventDate "2015.07.13"]
[EventType "swiss"]
[EventRounds "9"]
[EventCountry "ESP"]
[SourceTitle "Ajedrez en Madrid"]
[Source "lmi"]
[SourceDate "2015.07.13"]
[SourceVersion "1"]
[SourceVersionDate "2019.06.21"]
[SourceQuality "1"]

1. e4 c5 2. Nf3 e6 3. d4 cxd4 4. Nxd4 a6 5. Bc4 b5 6. Bb3 Bb7 7. Qe2 Nf6 8. e5
Nd5 9. Bxd5 Bxd5 10. O-O Nc6 11. Nxc6 dxc6 12. Rd1 Qc7 13. b3 c5 14. c4 Bc6 15.
f4 Be7 16. Bb2 O-O 17. Qg4 Be4 18. Nd2 Bf5 19. Qg3 Rad8 20. Nf3 Rxd1+ 21. Rxd1
Rd8 22. Rd2 Qa5 23. Rxd8+ Qxd8 24. Qe1 b4 25. Qd2 Qd3 26. Qxd3 Bxd3 27. Kf2 a5
28. Ne1 Bb1 29. a3 Ba2 30. Ke3 Bxb3 31. Kd3 f6 32. Nf3 Kf7 33. Nd2 Ba4 34. Ne4
Bc6 35. g4 f5 36. gxf5 exf5 37. Ng3 g6 38. axb4 axb4 39. Bc1 Ke6 40. Be3 h6 41.
Ne2 Be4+ 42. Kd2 g5 43. Ng1 gxf4 44. Bxf4 Bg5 45. Ne2 Bxf4+ 46. Nxf4+ Kxe5 47.
Ng6+ Kd4 48. Kc1 Kc3 49. Nf4 b3 50. Ne2+ Kxc4 51. Kb2 Kb4 52. h4 c4 53. Nc3 Bd3
54. Nd5+ Kc5 55. Nc3 f4 56. Na4+ Kd4 57. Nc3 f3 58. Nd1 Be2 0-1

[Event "17. Obert Int. Sant Marti 2015 - B"]
[Site "Barcelona ESP"]
[Date "2015.07.15"]
[Round "3.52"]
[White "Grasa Solanas, Oscar"]
[Black "Cano Vila, Eduard"]
[Result "0-1"]
[WhiteElo "1682"]
[BlackElo "1804"]
[PlyCount "62"]
[EventDate "2015.07.13"]
[EventType "swiss"]
[EventRounds "9"]
[EventCountry "ESP"]
[SourceTitle "Ajedrez en Madrid"]
[Source "lmi"]
[SourceDate "2015.07.13"]
[SourceVersion "1"]
[SourceVersionDate "2019.06.21"]
[SourceQuality "1"]

1. Nf3 Nc6 2. d4 d5 3. c4 e6 4. Nc3 Nf6 5. Bg5 Be7 6. e3 O-O 7. a3 Ne4 8. Nxe4
dxe4 9. Bxe7 Qxe7 10. Nd2 f5 11. Qc2 Bd7 12. c5 Be8 13. Nc4 Bg6 14. g3 Rad8 15.
b4 a6 16. Qb3 b5 17. cxb6 cxb6 18. Nxb6 Qf6 19. Bxa6 Nxd4 20. exd4 Qxd4 21. O-O
Qxb6 22. Bc4 Bf7 23. Rad1 Ra8 24. Rd7 Qc6 25. Rfd1 Rac8 26. R1d4 Kh8 27. R7d6
Qb7 28. a4 e5 29. Bxf7 exd4 30. Bd5 Rc1+ 31. Kg2 Qc7 0-1

[Event "17. Obert Int. Sant Marti 2015 - B"]
[Site "Barcelona ESP"]
[Date "2015.07.15"]
[Round "3.53"]
[White "Khudov, Oleksandr"]
[Black "Lopez Abaurrea, Eduard"]
[Result "1/2-1/2"]
[WhiteElo "1528"]
[BlackElo "1756"]
[PlyCount "103"]
[EventDate "2015.07.13"]
[EventType "swiss"]
[EventRounds "9"]
[EventCountry "ESP"]
[SourceTitle "Ajedrez en Madrid"]
[Source "lmi"]
[SourceDate "2015.07.13"]
[SourceVersion "1"]
[SourceVersionDate "2019.06.21"]
[SourceQuality "1"]

1. c4 Nf6 2. Nf3 e6 3. Nc3 Be7 4. g3 b6 5. Bg2 Bb7 6. O-O O-O 7. d4 c5 8. Bf4
d6 9. Re1 Qc7 10. d5 e5 11. Bg5 h6 12. Bc1 Bc8 13. e4 Bd7 14. Nh4 Qc8 15. Qd3
Na6 16. a3 Nc7 17. Nf5 Bxf5 18. exf5 Rb8 19. f4 Nd7 20. a4 a6 21. b3 a5 22. Bb2
Bf6 23. Ne4 Ne8 24. Nxf6+ Nexf6 25. fxe5 dxe5 26. Bxe5 Nxe5 27. Rxe5 Qd7 28.
Rae1 Rfe8 29. Qf3 Qd6 30. Qf4 Rxe5 31. Qxe5 Qxe5 32. Rxe5 Re8 33. Rxe8+ Nxe8
34. g4 f6 35. h4 Kf7 36. Kf2 Ke7 37. Ke3 Nd6 38. Kf4 Nf7 39. g5 hxg5+ 40. hxg5
fxg5+ 41. Ke4 Kd6 42. Bf3 Ne5 43. Be2 Nd7 44. f6 gxf6 45. Kf5 Ke7 46. Bh5 Kd6
47. Bd1 Ke7 48. Bg4 Ne5 49. Be2 Nd7 50. Bh5 Ne5 51. Be2 Nd7 52. Bh5 1/2-1/2

[Event "17. Obert Int. Sant Marti 2015 - B"]
[Site "Barcelona ESP"]
[Date "2015.07.15"]
[Round "3.54"]
[White "Jimenez Dominguez, Albert"]
[Black "Guinjoan Fradera, Joan"]
[Result "1/2-1/2"]
[WhiteElo "1927"]
[BlackElo "1726"]
[PlyCount "50"]
[EventDate "2015.07.13"]
[EventType "swiss"]
[EventRounds "9"]
[EventCountry "ESP"]
[SourceTitle "Ajedrez en Madrid"]
[Source "lmi"]
[SourceDate "2015.07.13"]
[SourceVersion "1"]
[SourceVersionDate "2019.06.21"]
[SourceQuality "1"]

1. e4 c5 2. Nf3 Nc6 3. d4 cxd4 4. Nxd4 e6 5. Be3 Nf6 6. Nd2 d5 7. Nxc6 bxc6 8.
e5 Nd7 9. f4 Be7 10. Bd3 O-O 11. Qh5 f5 12. g4 g6 13. Qh3 Bc5 14. gxf5 exf5 15.
Nf3 Bxe3 16. Ng5 Qe7 17. Qxe3 h6 18. Nf3 Nf6 19. Rg1 Kh7 20. O-O-O Ne4 21. Rg2
Rg8 22. Rdg1 Be6 23. Nd4 Qd7 24. Bxe4 fxe4 25. Nxe6 Qxe6 1/2-1/2

[Event "17. Obert Int. Sant Marti 2015 - B"]
[Site "Barcelona ESP"]
[Date "2015.07.15"]
[Round "3.56"]
[White "Mas Sayos, Lluis"]
[Black "Marcelo, Diego Luis"]
[Result "1-0"]
[WhiteElo "1863"]
[BlackElo "1718"]
[PlyCount "71"]
[EventDate "2015.07.13"]
[EventType "swiss"]
[EventRounds "9"]
[EventCountry "ESP"]
[SourceTitle "Ajedrez en Madrid"]
[Source "lmi"]
[SourceDate "2015.07.13"]
[SourceVersion "1"]
[SourceVersionDate "2019.06.21"]
[SourceQuality "1"]

1. d3 e5 2. e4 Nc6 3. f4 f6 4. Nf3 Bc5 5. c3 d5 6. fxe5 Nxe5 7. Nxe5 fxe5 8.
Qh5+ g6 9. Qxe5+ Be6 10. Qxh8 Qe7 11. d4 O-O-O 12. Qe5 Bd6 13. Qg5 Qxg5 14.
Bxg5 Re8 15. e5 Be7 16. Bxe7 Nxe7 17. Nd2 Nf5 18. O-O-O Ne3 19. Re1 Ng4 20. Be2
Ne3 21. Bf3 Nf5 22. Nf1 Rf8 23. Ne3 c6 24. Nxf5 Bxf5 25. Rhf1 Kd8 26. Kd2 g5
27. Bg4 Rg8 28. Rxf5 h5 29. Bxh5 Rh8 30. g4 Ke7 31. e6 Rh6 32. Rf7+ Ke8 33. e7
Rxh5 34. Rf8+ Kd7 35. e8=Q+ Kd6 36. Qd8# 1-0

[Event "17. Obert Int. Sant Marti 2015 - B"]
[Site "Barcelona ESP"]
[Date "2015.07.15"]
[Round "3.57"]
[White "Pico Garcia, Antonio"]
[Black "Jimenez Rimblas, Raul"]
[Result "0-1"]
[WhiteElo "1821"]
[BlackElo "1708"]
[PlyCount "66"]
[EventDate "2015.07.13"]
[EventType "swiss"]
[EventRounds "9"]
[EventCountry "ESP"]
[SourceTitle "Ajedrez en Madrid"]
[Source "lmi"]
[SourceDate "2015.07.13"]
[SourceVersion "1"]
[SourceVersionDate "2019.06.21"]
[SourceQuality "1"]

1. e4 g6 2. d4 Bg7 3. Nf3 d6 4. Be2 Bg4 5. Nc3 Nd7 6. Be3 Bxf3 7. Bxf3 e5 8.
Ne2 Ngf6 9. c3 c6 10. Qc1 d5 11. Ng3 Qe7 12. Qc2 c5 13. O-O Rc8 14. Qd2 exd4
15. Bh6 O-O 16. Bxg7 Kxg7 17. exd5 Ne5 18. Be4 Nxe4 19. Nxe4 Nc4 20. Qc2 Nxb2
21. Qxb2 Qxe4 22. cxd4 cxd4 23. Rfd1 Qxd5 24. Rxd4 Qe5 25. f4 Qf6 26. Qf2 Rfd8
27. Rad1 Rc2 28. Qxc2 Rxd4 29. Rxd4 Qxd4+ 30. Kf1 Qxf4+ 31. Kg1 Qd4+ 32. Kf1
Qa1+ 33. Kf2 b5 0-1